Economic problems of Indian agriculture: fifth revised and enlarged edition of agricultural problems of India (Record no. 362635)
[ view plain ]
| 000 -LEADER | |
|---|---|
| fixed length control field | 005020000a22001690004500 |
| 020 ## - INTERNATIONAL STANDARD BOOK NUMBER | |
| International Standard Book Number | 8120400925 |
| 060 ## - NATIONAL LIBRARY OF MEDICINE CALL NUMBER | |
| Classification number | 100 |
| 082 ## - DEWEY DECIMAL CLASSIFICATION NUMBER | |
| Classification number | 338. 10954 BAN |
| 100 ## - MAIN ENTRY--PERSONAL NAME | |
| Personal name | Bansil, P C |
| 245 ## - TITLE STATEMENT | |
| Title | Economic problems of Indian agriculture: fifth revised and enlarged edition of agricultural problems of India |
| 250 ## - EDITION STATEMENT | |
| Edition statement | 5 |
| 260 ## - PUBLICATION, DISTRIBUTION, ETC. (IMPRINT) | |
| Place of publication, distribution, etc. | Newdelhi, Oxford & IBH publishing company |
| 260 ## - PUBLICATION, DISTRIBUTION, ETC. (IMPRINT) | |
| Date of publication, distribution, etc. | 1986 |
| 300 ## - PHYSICAL DESCRIPTION | |
| Extent | 304 |
| 650 ## - SUBJECT ADDED ENTRY--TOPICAL TERM | |
| Topical term or geographic name as entry element | Agriculture-economic aspects-India/agriculture policy-India |
| 942 ## - ADDED ENTRY ELEMENTS (KOHA) | |
| Koha item type | Books (General) |
| Withdrawn status | Lost status | Damaged status | Not for loan | Home library | Current library | Date acquired | Total Checkouts | Full call number | Barcode | Date last seen | Price effective from | Koha item type |
|---|---|---|---|---|---|---|---|---|---|---|---|---|
| College of Agriculture, Vellayani | College of Agriculture, Vellayani | 02/05/2014 | 338. 10954 BAN | KAU_COAV-20990 | 02/05/2014 | 02/05/2014 | Books (General) |
